Normal view MARC view

Entry Meeting Name

Number of records used in: 1

001 - CONTROL NUMBER

  • control field: 5745

003 - CONTROL NUMBER IDENTIFIER

  • control field: OSt

005 - DATE AND TIME OF LATEST TRANSACTION

  • control field: 20211105132710.0

008 - FIXED-LENGTH DATA ELEMENTS

  • fixed length control field: 211105|| aca||aabn | a|a d

040 ## - CATALOGING SOURCE

  • Original cataloging agency: OSt
  • Transcribing agency: OSt

111 ## - HEADING--MEETING NAME

  • Meeting name or jurisdiction name as entry element: Conference on the solar wind
  • Location of meeting: California
  • Date of meeting or treaty signing: 1964 Apr. 1-4

670 ## - SOURCE DATA FOUND

  • Source citation: Work cat.: (OSt): Conference on the solar wind California 1964 Apr. 1-4, The solar wind, 1966

Powered by Koha